000 01322nam1a2200301 i 4500
001 RU\NLR\bibl\576290
005 20260407102548.0
035 _a(NLR Aleph) 000568330
090 _a1576409
_c1576409
100 _a20041122g20049999u y0rusy50 ca
101 0 _arus
102 _aRU
105 _a||||z |||||
200 1 _aМиграционная ситуация в регионах России
_fЦентр миграц. исслед., Ин-т географии РАН, Ин-т народнохоз. прогнозирования РАН
_gПод ред. Сергея Артоболевского и Жанны Зайончковской
210 _aМ.
_cЦентр миграц. исслед.
_d2004
215 _d20
463 0 _1001554936
463 0 _1001748829
463 0 _1001820838
606 0 _aНаселение
_xМиграция
_xРегиональный аспект
_yРоссийская Федерация
_92351171
_3RU\NLR\auth\661404651
686 _aС73(2)74-25
702 1 _aАртоболевский
_bС.
_gСергей
_4340
712 0 2 _4570
_aЦентр миграционных исследований
_cМосква
_9615847
_3RU\NLR\AUTH\8810057450
801 0 _aRU
_bNLR
_c20041122
_gPSBO
801 1 _aRU
_bNLR
_c20041122
852 _aNLR
_j2004-3/19788
942 _cBOOK